000
00332nam a2200133Ia 4500
008
170516s9999 xx 000 0 und d
245
_a
Dendritic Polymers for Theranostics
260
_b
Theranostics
260
_c
2016
300
_a
6:7
650
_x
Medical Technology
650
_x
Medtech
856
_u
http://www.thno.org/v6i7
999
_c
330163
_d
330163